| 000 | 01150nam a22003257a 4500 | ||
|---|---|---|---|
| 001 | 7870 | ||
| 003 | FISKH | ||
| 005 | 20250812140841.0 | ||
| 008 | 250812b cb ||||| |||| 00| 0 eng d | ||
| 020 | _a070918003998 | ||
| 040 |
_aDLC _cDLC _dIG# _dOCO _dBAKER _dXY4 _dDLC _beng |
||
| 050 | _aPZ7.D943 A | ||
| 082 | _a812.54 | ||
| 100 | 1 | _aDussling, Jennifer | |
| 245 |
_aAnne of green gables / _cAdapted by Jennifer Dussling ; Illustrated by Lydia Halverson |
||
| 250 | _aThis edition first published in 2001 | ||
| 260 |
_aNew York : _bGrosset & Dunlap, _c2001 |
||
| 300 |
_a48 pages : _bcolor illustration ; _c23 cm |
||
| 440 | 0 |
_aAll aboard mystery reader. _nStation stop 3 |
|
| 490 | 1 | _aGoofball Malone ace detective | |
| 505 | _aN | ||
| 520 | _aSecond-grader Goofball Malone is known to be good with jokes, but he finally gets his chance to be a detective when a dalmatian dog, Professor Pup, runs off from his owner. | ||
| 521 | 8 |
_a540
_bLexile |
|
| 521 | 8 |
_aN
_bRaz-Plus |
|
| 650 | 1 |
_aDalmatian dog _vFiction. |
|
| 650 | 1 |
_aDogs _vFiction. |
|
| 700 |
_aHalverson, Lydia _eillustrator |
||
| 942 |
_2ddc _cBK _n0 |
||
| 999 |
_c7870 _d7870 |
||